00415nam a2200181Ia 4500003000400000005001700004008004100021020001900062040000700081041000800088082001500096100001600111245004500127260001900172300000900191650001400200700001900214OSt20251210102713.0250729s1971 xx 000 0 und d a978-8120717435 cAL aeng a371.2 KOCS aKochhar S K aSchool organization and administrartion  aLudhianac1971 a620p aEducation aRao Digumurthi